Geography Quiz

Random Geography or City Quiz

Cities Sorting Gallery VII Quiz Stats

 Plays Quiz Updated Mar 15, 2018

Challenge
Share
Tweet
Embed
Score 0/55 Timer 07:00
26 Plays Today
% Correct
Austin
97.5%
Buffalo
97.5%
Cleveland
97.5%
New York
97.1%
Cincinnati
96.1%
Hamburg
94.8%
Lincoln
94.5%
Milwaukee
94.2%
Düsseldorf
93.8%
Munich
93.6%
Dublin
93.4%
Cork
90.9%
Limerick
89.7%
Dresden
89.7%
Stuttgart
89.4%
Galway
89.2%
Des Moines
88.6%
Leipzig
88.3%
San Salvador
88.2%
Hannover
87.5%
Casablanca
87%
Chesapeake
86.6%
Bonn
86.2%
Raleigh
86.1%
Marrakesh
85.3%
Bremen
84.8%
Kilkenny
84.5%
San Miguel
82.2%
% Correct
Fez
79.1%
Bratislava
78.4%
Carlow
76.1%
Santa Tecla
75.3%
Rabat
75%
Tangier
73.7%
Dhaka
73.2%
Antananarivo
69.8%
Košice
65.9%
Prešov
65.1%
Mohammedia
62%
Rajshani
60.6%
Chittagong
58%
Antsirabe
56.1%
Fianarantsoa
55.6%
Sligo
51.7%
Mahajanga
49.4%
Toamasina
45%
Khulna
44.4%
Praia
44.1%
Meknès
35.9%
Ngerulmud
31.7%
Toliara
29.7%
Sylhet
25.4%
Salé
23.5%
Sonsonate
17.5%
Mindelo
17.4%

You're not logged in!

Compare scores with friends on all Sporcle quizzes.
OR
Log In

You Might Also Like...

Show Comments

Extras

Top Quizzes Today


Score Distribution

Your Account Isn't Verified!

In order to create a playlist on Sporcle, you need to verify the email address you used during registration. Go to your Sporcle Settings to finish the process.

Report this User

Report this user for behavior that violates our Community Guidelines.

Details: